GETS Theological Seminary Library

克尔凯郭尔文集: (Record no. 33588)

MARC details
000 -LEADER
fixed length control field 00764nam a2200229Ia 4500
008 - FIXED-LENGTH DATA ELEMENTS--GENERAL INFORMATION
fixed length control field 201221s9999||||xx |||||||||||||| ||und||
020 ## - INTERNATIONAL STANDARD BOOK NUMBER
International Standard Book Number 7520319636
020 ## - INTERNATIONAL STANDARD BOOK NUMBER
International Standard Book Number 9787520319638
041 ## - LANGUAGE CODE
Language code of text/sound track or separate title chi
050 ## - LIBRARY OF CONGRESS CALL NUMBER
Classification number A12
Item number .C5 2018
100 ## - MAIN ENTRY--PERSONAL NAME
Personal name Kierkegaard, Søren
245 #0 - TITLE STATEMENT
Title 克尔凯郭尔文集:
Remainder of title 陶冶性的讲演集 /
Statement of responsibility, etc. 索伦.奥碧.克尔凯郭尔 (Søren Kierkegaard) 著; 京不特译
246 ## - VARYING FORM OF TITLE
Title proper/short title 克爾凱郭爾文集:
Remainder of title 陶冶性的講演集/
260 ## - PUBLICATION, DISTRIBUTION, ETC.
Place of publication, distribution, etc. 北京:
Name of publisher, distributor, etc. 中国社会科学出版社,
300 ## - PHYSICAL DESCRIPTION
Extent 10 v.
Other physical details ;
Dimensions 24 cm.
650 ## - SUBJECT ADDED ENTRY--TOPICAL TERM
Topical term or geographic name entry element Kemikaiguomi, -- (Kierkegaard, Soeren, -- 1813-1855)
650 ## - SUBJECT ADDED ENTRY--TOPICAL TERM
Topical term or geographic name entry element Philosophical thoughts.
700 ## - ADDED ENTRY--PERSONAL NAME
Personal name 京不特
700 ## - ADDED ENTRY--PERSONAL NAME
Personal name 索伦.奥碧.克尔凯郭尔
949 ## - LOCAL PROCESSING INFORMATION (OCLC)
v v. 8
Holdings
Withdrawn status Lost status Damaged status Not for loan Home library Current library Shelving location Date acquired Total Checkouts Full call number Barcode Date last seen Price effective from Koha item type
        GETS Theological Seminary Library GETS Theological Seminary Library General Stacks 12/21/2020   A12 .C5 2018 v.8 00021425 12/21/2020 12/21/2020 Chinese Book
OpacCredits

Contact the Librarian, GETS Library
Email: library@mygets.org









Implemented by GETS Library
(Powered by ETCA Professional Group)
GETS Theological Seminary
412 E. Rowland Street, CA 91723